Statistiques concernant Les Capitales d'Afrique: Du Nord au Sud et d'Ouest en Est

Cliquez ici pour prendre le quiz!

Statistiques générales

  • Ce quiz a été pris 41 fois
  • Le résultat moyen est 36 sur 112

Statistiques - réponses

HintRéponse% Correct
36° 46' 34" NAlger
100%
34° 01′ 31″ NRabat
100%
36° 47′ 51″ NTunis
100%
30° 02′ 40″ NLe Caire
97%
32° 54′ 08″ NTripoli
97%
15° 30' 02" NKhartoum
66%
18° 06′ 00" NNouakchott
66%
15° 20′ 00″ NAsmara
58%
14° 41′ 34″ NDakar
53%
12° 38′ 00″ NBamako
50%
13° 27′ 11″ NBanjul
50%
11° 52′ 00" NBissau
50%
13° 30′ 42″ NNiamey
50%
9° 32′ 53″ NConakry
47%
12° 06′ 59″ NN'Djaména
47%
12° 21′ 58″ NOuagadougou
47%
14° 55′ 15″ NPraia
45%
11° 35' 18" NDjibouti
42%
9° 03′ 20″ NAbuja
37%
16° 34′ 39″ OBanjul
34%
17° 25′ 54″ ODakar
34%
33° 55′ 31″ SLe Cap
34%
0° 23′ 24″ NLibreville
34%
29° 18′ 56″ SMaseru
34%
26° 19′ 00″ SMbabane
34%
25° 44′ 42″ SPretoria
34%
5° 33′ 29″ NAccra
32%
18° 54′ 44″ SAntananarivo
32%
4° 16′ 04″ SBrazzaville
32%
3° 22′ 32″ SBujumbura
32%
6° 11′ 01″ SDodoma
32%
8° 29′ 04″ NFreetown
32%
24° 39′ 30″ SGaborone
32%
17° 51′ 50″ SHarare
32%
1° 57′ 34″ SKigali
32%
4° 19′ 30″ SKinshasa
32%
13° 59′ 00″ SLilongwe
32%
6° 08′ 14″ NLomé
32%
8° 50′ 18″ SLuanda
32%
15° 24′ 53″ SLusaka
32%
3° 45′ 07″ NMalabo
32%
25° 58′ 00" SMaputo
32%
6° 18′ 48″ NMonrovia
32%
1° 17′ 00″ SNairobi
32%
20° 10′ 00″ SPort-Louis
32%
6° 29′ 50″ NPorto-Novo
32%
23° 30′ 30″ OPraia
32%
0° 20′ 07″ NSao Tomé
32%
4° 37′ 25″ SVictoria
32%
22° 33′ 47″ SWindhoek
32%
6° 48′ 36″ NYamoussoukro
32%
3° 52' 00" NYaoundé
32%
9° 01' 48" NAddis-Abeba
29%
7° 59′ 00″ OBamako
29%
4° 21′ 41″ NBangui
29%
15° 36′ 00" OBissau
29%
13° 40′ 14″ OConakry
29%
4° 51′ 00" NDjouba
29%
0° 19′ 00″ NKampala
29%
2° 02′ 00″ NMogadiscio
29%
11° 41′ 54″ SMoroni
29%
15° 57′ 00" ONouakchott
29%
0° 12′ 04″ OAccra
26%
13° 14′ 04″ OFreetown
26%
1° 12′ 45″ ELomé
26%
13° 14′ 04″ ELuanda
26%
8° 46′ 25″ EMalabo
26%
2° 07' 31" ENiamey
26%
1° 31′ 05″ OOuagadougou
26%
2° 36′ 18″ EPorto-Novo
26%
6° 50′ 10″ ORabat
26%
6° 43′ 51″ ESao Tomé
26%
5° 17′ 44″ OYamoussoukro
26%
11° 31′ 00" EYaoundé
26%
7° 29′ 29″ EAbuja
24%
3° 03′ 36″ EAlger
24%
9° 27′ 15″ ELibreville
24%
10° 48′ 05″ OMonrovia
24%
13° 11′ 09″ ETripoli
24%
10° 09′ 57″ ETunis
24%
47° 31′ 18″ EAntananarivo
21%
18° 33′ 19″ EBangui
21%
29° 06′ 00″ SBloemfontein
21%
15° 16′ 31″ EBrazzaville
21%
15° 19′ 20″ EKinshasa
21%
18° 25′ 26″ ELe Cap
21%
45° 21′ 00″ EMogadiscio
21%
15° 04′ 20″ EN'Djaména
21%
57° 31′ 00″ EPort-Louis
21%
55° 27′ 16″ EVictoria
21%
17° 04′ 43″ EWindhoek
21%
29° 21′ 33″ EBujumbura
18%
43° 08' 42" EDjibouti
18%
31° 36′ 00" EDjouba
18%
35° 44′ 46″ EDodoma
18%
31° 01′ 47″ EHarare
18%
32° 34′ 52″ EKampala
18%
30° 05′ 17″ EKigali
18%
33° 47′ 00″ ELilongwe
18%
28° 17′ 18″ ELusaka
18%
36° 49′ 00″ ENairobi
18%
28° 11′ 25″ EPretoria
18%
38° 44′ 24" EAddis-Abeba
16%
38° 56′ 00″ EAsmara
16%
26° 13′ 00″ EBloemfontein
16%
25° 54′ 45″ EGaborone
16%
32° 32′ 00″ EKhartoum
16%
31° 14′ 44″ ELe Caire
16%
32° 35′ 00" EMaputo
16%
27° 30′ 07″ EMaseru
16%
31° 08′ 00″ EMbabane
16%
43° 15′ 20″ EMoroni
16%

Distribution des résultats

Percentile par nombre de réponses

% des personnes avec chaque résultat

Votre développement - résultats

Vous n’avez pas pris ce quiz